ARRUPE JESUIT UNIVERSITY

CORONAVIRUS -STOP THE SPREAD - CLEAN,DISINFECT,COVER

Our South African Flora (Record no. 121080)

MARC details
000 -LEADER
fixed length control field 00392nam a22001337a 4500
008 - FIXED-LENGTH DATA ELEMENTS--GENERAL INFORMATION
fixed length control field 141003b xxu||||| |||| 00| 0 eng d
050 ## - LIBRARY OF CONGRESS CALL NUMBER
Classification number SPC QK396.C738
100 ## - MAIN ENTRY--PERSONAL NAME
Personal name Compton, R.H.
9 (RLIN) 12055
245 ## - TITLE STATEMENT
Title Our South African Flora
Statement of responsibility, etc R.H. Compton
260 ## - PUBLICATION, DISTRIBUTION, ETC. (IMPRINT)
Place of publication, distribution, etc South Africa
Name of publisher, distributor, etc Westminster Tobacco
300 ## - PHYSICAL DESCRIPTION
Extent xi, 100p. ;
Dimensions 26cm.
650 ## - SUBJECT ADDED ENTRY--TOPICAL TERM
Topical term or geographic name as entry element Botany
Geographic subdivision South Africa
9 (RLIN) 12056
942 ## - ADDED ENTRY ELEMENTS (KOHA)
Source of classification or shelving scheme Library of Congress Classification
Item type Monograph ( Printed materials)
Holdings
Withdrawn status Lost status Source of classification or shelving scheme Damaged status Not for loan Collection code Home library Current library Shelving location Date acquired Total Checkouts Full call number Barcode Date last seen Price effective from Koha item type
    Library of Congress Classification     Main Collection ARRUPE LIBRARY ARRUPE LIBRARY Main Collection 03/10/2014   SPC QK396.C738 46500003805 05/07/2018 03/10/2014 Monograph ( Printed materials)

 

Arrupe Library. PO Box MP320 Mt Pleasant, Harare, Zimbabwe
263 242 745411|librarian@aju.ac.zw